[Event "Seefeld op 14th"]
[Site "Seefeld"]
[Date "2003.09.15"]
[Round "3"]
[White "Wawrinsky, Ludwig"]
[Black "Eiterer, Nikolaus"]
[Result "1-0"]
[WhiteElo "1997"]
[BlackElo "1651"]
[PlyCount "93"]
[EventDate "2003.09.13"]
[EventType "swiss"]
[EventRounds "9"]
[EventCountry "AUT"]
[SourceTitle "CBM 097 Extra"]
[Source "ChessBase"]
[SourceDate "2004.01.13"]
[SourceVersion "1"]
[SourceVersionDate "2004.01.13"]
[SourceQuality "1"]

1. e4 e6 2. d4 d5 3. e5 c5 4. c3 Nc6 5. Nf3 Qb6 6. Bd3 Bd7 7. Bc2 cxd4 8. cxd4 Nge7 9. 0-0 Ng6 10. a3 Be7 11. Nc3 0-0 12. b4 Nh4 13. Nxh4 Qxd4 14. Bxh7+ Kxh7 15. Qc2+ Kg8 16. Nf3 Qc4 17. Qd2 Rac8 18. Bb2 d4 19. Ne2 d3 20. Nf4 Qc2 21. Nxd3 Qxd2 22. Nxd2 Rfd8 23. Nf3 a6 24. Rac1 Na7 25. Rxc8 Rxc8 26. Rc1 Rxc1+ 27. Nxc1 Bb5 28. Nd4 Kf8 29. Nxb5 Nxb5 30. f4 Bd8 31. Kf1 Bb6 32. Nb3 Ke7 33. Ke2 Bg1 34. h3 f6 35. exf6+ gxf6 36. Kd3 Nd6 37. Na5 Bh2 38. Bc1 Kd7 39. Nc4 Nxc4 40. Kxc4 Kc6 41. h4 b5+ 42. Kd4 Kd6 43. h5 Bg1+ 44. Kd3 e5 45. h6 Kd5 46. h7 e4+ 47. Ke2 1-0